Fine Arts - Auditory Fine Arts | 3 | 3 | 0 | 1 | 75 | 36 | 70.50 | 3 | 5 |
Fine Arts - Visual Fine Arts | 1 | 5 | 2 | 1 | 55 | 50 | 89.50 | 3 | 6 |
History - Other History | 1 | 2 | 0 | 0 | 35 | 62 | 88.67 | 1 | 3 |
Religion | 0 | 3 | 2 | 1 | 20 | 93 | 110.67 | 1 | 3 |
History - American History | 0 | 2 | 0 | 0 | 20 | 64 | 72.50 | 0 | 2 |
Mythology | 0 | 2 | 1 | 0 | 15 | 82 | 89.00 | 1 | 2 |
Philosophy | 1 | 0 | 0 | 0 | 15 | 79 | 79.00 | 0 | 1 |
Social Science | 0 | 1 | 0 | 1 | 10 | 123 | 123.00 | 0 | 0 |
Fine Arts - Other Fine Arts | 0 | 1 | 0 | 0 | 10 | 94 | 94.00 | 1 | 1 |
Literature - American Literature | 0 | 1 | 0 | 0 | 10 | 88 | 88.00 | 0 | 1 |
Literature - European Literature | 0 | 1 | 0 | 0 | 10 | 127 | 127.00 | 0 | 1 |
Literature - World Literature | 0 | 1 | 0 | 1 | 10 | 147 | 147.00 | 0 | 0 |
Science - Physics | 0 | 1 | 0 | 0 | 10 | 82 | 82.00 | 0 | 1 |
Science - Other Science | 0 | 1 | 1 | 0 | 5 | 102 | 102.00 | 0 | 1 |